Animal Crossing - les Villageois Chèvres [avec image] - Statistiques

Statistiques générales
  • Ce quiz a été pris 15 fois
  • Le résultat moyen est 6 sur 10
Statistiques - réponses
Par images Réponse % Correct
Capri
92%
Biquette
83%
Chavrina
83%
Moktar
75%
Nana
67%
Véra
67%
Seguin
58%
Grognon
33%
Cabri
25%
Sven
17%
Aucun quiz correspondant
Distribution des résultats
% des personnes avec chaque résultat
Percentile par nombre de réponses
Votre historique - résultats
Vous n’avez pas pris ce quiz